000 01595caa0 2200373 iw4500
001 BY-BR0014-br166077
005 20221221175415.0
035 ^a(BY-BR0014)BY-BR0014-br166077
100 ^a20181226d2018 u y0rusy50 ca
101 0 ^abel
^drus
102 ^aBY
105 ^ay
200 1 ^aКод андарака
^e[Бярозаўскі раённы цэнтр рамёстваў]
^fНаталля Часавіціна
463 1 ^12001
^aСельская газета
^v2018. - 22 декабря (№ 151) . - С. 23.
600 1 ^aКовалевич
^bН.
^gНаталья
606 0 ^aЭТНОГРАФИЯ
^3BY-NLB-ar39806
^2DVNLB
606 0 ^aНАЦЫЯНАЛЬНЫЯ КАСЦЮМЫ
^3BY-NLB-ar45288
^2DVNLB
606 0 ^aНАРОДНАЕ АДЗЕННЕ
^3BY-NLB-ar19621
^2DVNLB
606 0 ^aНАРОДНАЕ АДЗЕННЕ
^3BY-NLB-ar19621
^2DVNLB
606 0 ^aНАРОДНАЯ ОДЕЖДА
^3BY-NLB-ar19620
^2DVNLB
607 ^aБереза, город (Брестская область)
^2BY-auth
^3BY-NLB-ar3779
610 0 ^aандарак
610 0 ^aстрой
610 0 ^aпояса
610 0 ^aБерезовский районный центр ремесел
615 ^aБелорусский национальный документ
^3BY-SEK-ar1826174
686 ^aБ 9
^2rubbk
690 ^aМ 9
^2LR12
^9BY-BR0014
^3LKEY113
690 ^a3
^2Base
^9BY-BR0014
^xRSEK
700 1 ^aЧасавіціна
^bН.
^gНаталля
801 0 ^c20181226
^aBY
^bBY-BR0014
^gpsbo